Estadísticas para Países que más visitan República Dominicana

Haz click aquí para intentar la prueba.

Estadísticas generales

  • Esta prueba ha sido intentada 112 veces
  • La puntuación promedio es 9 de 11

Estadísticas de respuestas

VisitantePais% Correcto
111,095Puerto Rico
100%
2,073,963Estados Unidos
99%
177,993España
96%
827,721Canada
94%
103,444Colombia
89%
221,492Francia
89%
182,170Argentina
79%
177,534Reino Unido
79%
109,734Venezuela
76%
265,709Alemania
75%
245,346Rusia
60%

Distribución de puntuación

Porcentaje por número respondido

Porcentaje de gente con cada puntuación

Historial de tus puntuaciones

No has intentado esta prueba.